000
00297nam a22001217a 4500
008
181224b xxu||||| |||| 00| 0 eng d
041
_a
eng
080
_2
5th
_a
574
100
_a
10
101
_a
MJE
245
_a
Recognition and Management of Pesticide Poisonings
_c
Reigart,J.R
942
_2
udc
_c
BK
999
_c
53712
_d
53712